| 000 | 00434 a2200157 4500 | ||
|---|---|---|---|
| 999 |
_c1933 _d1933 |
||
| 020 | _a0333304306 | ||
| 050 | _aLB 1025 JEG | ||
| 100 |
_aJegede 0.J and Brown D.P _eauthors |
||
| 245 |
_aPrimary Science Teaching / _cO.J.Jegede and D.P.Brown |
||
| 264 |
_aLondon: _bMacmillan Education, _cc1980 |
||
| 300 |
_a115p. : _bill. |
||
| 500 | _aIncludes index. | ||
| 650 | _aTeaching | ||
| 650 | _aeducation | ||
| 942 |
_2lcc _cBK _h 1025 _iJEG _kLB |
||